000 00990nam a2200313 a 4500
001 000037980
003 DO-SdBNP
005 20170519135416.0
007 000037980
008 130311s2005 dr 000 0 spa d
020 _a9945111248
040 _aBPMSU
_bspa
_cBPMSU
100 _4Brugal, María Consuelo
245 1 3 _aEl perro que quería ser gato /
_cMaría Consuelo Brugal ; ilustraciones Elías Roedán
250 _a
260 _bAlfaguara,
_bBúho
_aSanto Domingo :
_c2008
300 _a35 p. :
_bil. ;
_c20 cm.
490 _aAfaguara infantil
500 _aLa biblioteca posee la 2 reimpresión del 2008, 3 reimpresión del 2010 y quinta reimpresión del 2013
830 _aAlfaguara infantil
930 1 _l
_m
_8
_f
_p
_g
_h
930 1 _l
_m
_8
_f
_p
_g
_h
930 1 _l
_m
_8
_f
_p
_g
_h
930 1 _l
_m
_8
_f
_p
_g
_h
930 1 _l
_m
_8
_f
_p
_g
942 _2ddc
_cBK
956 _a
_b
_c
_l
_h
956 _aVMATEO
_b10
_c20130423
_lBPMSU
_h0069
999 _c7644
_d7644